000
00343 a2200157 4500
001
73712
020
_a
8588533-23-5
040
_c
Anchieta - Colégio São Paulo
100
_a
Bastos, Ma Nazareth S.
240
1
0
_a
Muito pessoal
_l
por
245
1
0
_a
Muito pessoal
300
_a
39
362
0
_a
0
650
4
_a
Poesia brasileira
942
_c
BK
999
_c
73712
_d
73712